| 000 | 00740nam a22002057a 4500 | ||
|---|---|---|---|
| 003 | OSt | ||
| 005 | 20230831120955.0 | ||
| 008 | 140903b xxu||||| |||| 00| 0 eng d | ||
| 022 | _a08550832 | ||
| 040 | _cWIUC | ||
| 050 | _aKRX19.A3.G34(1993-1994 vol 2) | ||
| 245 |
_aThe Ghana law reports 1993-94 volume 2: cases determined by the High Court, the Court of Appeal and the Supreme Court of the Republic of Ghana / _cedited by D.R.K. Sankah and assisted by J.K.E. Edzie and P.K. Twumasi |
||
| 250 | _aVolume 2 | ||
| 260 |
_aAccra: _bCouncil for law reporting, _c2001. |
||
| 300 |
_axxxiv, 693p. _c25cm. |
||
| 440 | _vVol. 2 | ||
| 500 | _aIncludes index | ||
| 800 |
_aSankah, D.R.K. _aEdzie, J.K.E. _aTwumasi, P.K. _92128 |
||
| 942 |
_2lcc _cBK |
||
| 999 |
_c4110 _d11610 |
||